| Tag |
First Indicator |
Second Indicator |
Subfields |
| LEADER |
00000cas a2200000L 4500 |
| 001 |
in00000040220 |
| 005 |
20151007072355.0 |
| 008 |
750920d19261973nyumr p 0uuua0eng d |
| 010 |
|
|
|a 36015790
|
| 022 |
|
|
|a 0043-6003
|
| 035 |
|
|
|a (OCoLC)01638948
|
| 035 |
|
|
|9 AAE7761AM
|
| 040 |
|
|
|a MUL
|c MUL
|d TXA
|d UtOrBLW
|
| 049 |
|
|
|a TXAE
|
| 090 |
|
|
|a TS270.A1
|b W5
|
| 245 |
0 |
0 |
|a Wire & wire products.
|
| 264 |
|
1 |
|a New York :
|b American Metal Market Co. [etc.]
|
| 300 |
|
|
|a 48 volumes :
|b illustrations
|a monthly.
|
| 336 |
|
|
|a text
|b txt
|2 rdacontent
|
| 337 |
|
|
|a unmediated
|b n
|2 rdamedia
|
| 338 |
|
|
|a volume
|b nc
|2 rdacarrier
|
| 362 |
0 |
|
|a v. 1-48, no. 4; May 1926-1973.
|
| 650 |
|
0 |
|a Wire
|x Periodicals.
|
| 785 |
0 |
4 |
|t Wire journal
|
| 999 |
|
|
|a MARS
|
| 999 |
f |
f |
|s fb0212fe-fced-3a03-87d8-39b23c30b01f
|i 04ed3993-aac2-310a-b257-50a57d00ea4d
|t 0
|
| 952 |
f |
f |
|p ric
|a Texas A&M University
|b Rellis Campus
|c Joint Library Facility
|d Remote Storage
|t 0
|e TS270.A1 W5
|h Library of Congress classification
|i unmediated -- volume
|k v.44:no.1-6
|l 1969:Jan.-June
|m A14841149022
|
| 952 |
f |
f |
|p ric
|a Texas A&M University
|b Rellis Campus
|c Joint Library Facility
|d Remote Storage
|t 0
|e TS270.A1 W5
|h Library of Congress classification
|i unmediated -- volume
|k v.18
|l 1943
|m A14841148678
|
| 952 |
f |
f |
|p ric
|a Texas A&M University
|b Rellis Campus
|c Joint Library Facility
|d Remote Storage
|t 0
|e TS270.A1 W5
|h Library of Congress classification
|i unmediated -- volume
|k v.42:no.4-6
|l 1967:Apr.-June
|m A14841148995
|
| 952 |
f |
f |
|p ric
|a Texas A&M University
|b Rellis Campus
|c Joint Library Facility
|d Remote Storage
|t 0
|e TS270.A1 W5
|h Library of Congress classification
|i unmediated -- volume
|k v.36:no.7-12
|l 1961:July-Dec.
|m A14841148872
|
| 952 |
f |
f |
|p ric
|a Texas A&M University
|b Rellis Campus
|c Joint Library Facility
|d Remote Storage
|t 0
|e TS270.A1 W5
|h Library of Congress classification
|i unmediated -- volume
|k v.36:no.1-6
|l 1961:Jan.-June
|m A14841148880
|
| 952 |
f |
f |
|p ric
|a Texas A&M University
|b Rellis Campus
|c Joint Library Facility
|d Remote Storage
|t 0
|e TS270.A1 W5
|h Library of Congress classification
|i unmediated -- volume
|k v.42:no.7-9
|l 1967:July-Sept.
|m A14841148987
|
| 952 |
f |
f |
|p ric
|a Texas A&M University
|b Rellis Campus
|c Joint Library Facility
|d Remote Storage
|t 0
|e TS270.A1 W5
|h Library of Congress classification
|i unmediated -- volume
|k v.46:no.7-12
|l 1971:July-Dec.
|m A14841149056
|
| 952 |
f |
f |
|p ric
|a Texas A&M University
|b Rellis Campus
|c Joint Library Facility
|d Remote Storage
|t 0
|e TS270.A1 W5
|h Library of Congress classification
|i unmediated -- volume
|k v.19
|l 1944
|m A14841148660
|
| 952 |
f |
f |
|p ric
|a Texas A&M University
|b Rellis Campus
|c Joint Library Facility
|d Remote Storage
|t 0
|e TS270.A1 W5
|h Library of Congress classification
|i unmediated -- volume
|k v.32
|l 1957
|m A14841148775
|
| 952 |
f |
f |
|p ric
|a Texas A&M University
|b Rellis Campus
|c Joint Library Facility
|d Remote Storage
|t 0
|e TS270.A1 W5
|h Library of Congress classification
|i unmediated -- volume
|k v.42:no.10-12
|l 1967:Oct.-Dec.
|m A14841148979
|
| 952 |
f |
f |
|p ric
|a Texas A&M University
|b Rellis Campus
|c Joint Library Facility
|d Remote Storage
|t 0
|e TS270.A1 W5
|h Library of Congress classification
|i unmediated -- volume
|k v.43:no.7-12
|l 1968:July-Dec.
|m A14841149030
|
| 952 |
f |
f |
|p ric
|a Texas A&M University
|b Rellis Campus
|c Joint Library Facility
|d Remote Storage
|t 0
|e TS270.A1 W5
|h Library of Congress classification
|i unmediated -- volume
|k v.42:no.1-3
|l 1967:Jan.-Mar.
|m A14841149006
|
| 952 |
f |
f |
|p ric
|a Texas A&M University
|b Rellis Campus
|c Joint Library Facility
|d Remote Storage
|t 0
|e TS270.A1 W5
|h Library of Congress classification
|i unmediated -- volume
|k v.31
|l 1956
|m A14841148783
|
| 952 |
f |
f |
|p ric
|a Texas A&M University
|b Rellis Campus
|c Joint Library Facility
|d Remote Storage
|t 0
|e TS270.A1 W5
|h Library of Congress classification
|i unmediated -- volume
|k v.47:no.1-4
|l 1972:Jan.-Apr.
|m A14841149129
|
| 952 |
f |
f |
|p ric
|a Texas A&M University
|b Rellis Campus
|c Joint Library Facility
|d Remote Storage
|t 0
|e TS270.A1 W5
|h Library of Congress classification
|i unmediated -- volume
|k v.47:no.5-8
|l 1972:May-Aug.
|m A14841149111
|
| 952 |
f |
f |
|p ric
|a Texas A&M University
|b Rellis Campus
|c Joint Library Facility
|d Remote Storage
|t 0
|e TS270.A1 W5
|h Library of Congress classification
|i unmediated -- volume
|k v.40:no.1-6
|l 1965:Jan.-June
|m A14841148961
|
| 952 |
f |
f |
|p ric
|a Texas A&M University
|b Rellis Campus
|c Joint Library Facility
|d Remote Storage
|t 0
|e TS270.A1 W5
|h Library of Congress classification
|i unmediated -- volume
|k v.41:no.1-6
|l 1966:Jan.-June
|m A14841148945
|
| 952 |
f |
f |
|p ric
|a Texas A&M University
|b Rellis Campus
|c Joint Library Facility
|d Remote Storage
|t 0
|e TS270.A1 W5
|h Library of Congress classification
|i unmediated -- volume
|k v.35:no.7-12
|l 1960:July-Dec.
|m A14841148814
|
| 952 |
f |
f |
|p ric
|a Texas A&M University
|b Rellis Campus
|c Joint Library Facility
|d Remote Storage
|t 0
|e TS270.A1 W5
|h Library of Congress classification
|i unmediated -- volume
|k v.39:no.7-12
|l 1964:July-Dec.
|m A14841148898
|
| 952 |
f |
f |
|p ric
|a Texas A&M University
|b Rellis Campus
|c Joint Library Facility
|d Remote Storage
|t 0
|e TS270.A1 W5
|h Library of Congress classification
|i unmediated -- volume
|k v.26
|l 1951
|m A14841148759
|
| 952 |
f |
f |
|p ric
|a Texas A&M University
|b Rellis Campus
|c Joint Library Facility
|d Remote Storage
|t 0
|e TS270.A1 W5
|h Library of Congress classification
|i unmediated -- volume
|k v.27
|l 1952
|m A14841148741
|
| 952 |
f |
f |
|p ric
|a Texas A&M University
|b Rellis Campus
|c Joint Library Facility
|d Remote Storage
|t 0
|e TS270.A1 W5
|h Library of Congress classification
|i unmediated -- volume
|k v.33
|l 1958
|m A14841148848
|
| 952 |
f |
f |
|p ric
|a Texas A&M University
|b Rellis Campus
|c Joint Library Facility
|d Remote Storage
|t 0
|e TS270.A1 W5
|h Library of Congress classification
|i unmediated -- volume
|k v.45:no.7-12
|l 1970:July-Dec.
|m A14841149072
|
| 952 |
f |
f |
|p ric
|a Texas A&M University
|b Rellis Campus
|c Joint Library Facility
|d Remote Storage
|t 0
|e TS270.A1 W5
|h Library of Congress classification
|i unmediated -- volume
|k v.22
|l 1947
|m A14841148709
|
| 952 |
f |
f |
|p ric
|a Texas A&M University
|b Rellis Campus
|c Joint Library Facility
|d Remote Storage
|t 0
|e TS270.A1 W5
|h Library of Congress classification
|i unmediated -- volume
|k v.35:no.1-6
|l 1960:Jan.-June
|m A14841148822
|
| 952 |
f |
f |
|p ric
|a Texas A&M University
|b Rellis Campus
|c Joint Library Facility
|d Remote Storage
|t 0
|e TS270.A1 W5
|h Library of Congress classification
|i unmediated -- volume
|k v.45:no.1-6
|l 1970:Jan.-June
|m A14841149080
|
| 952 |
f |
f |
|p ric
|a Texas A&M University
|b Rellis Campus
|c Joint Library Facility
|d Remote Storage
|t 0
|e TS270.A1 W5
|h Library of Congress classification
|i unmediated -- volume
|k v.47:no.9-12
|l 1972:Sept.-Dec.
|m A14841149103
|
| 952 |
f |
f |
|p ric
|a Texas A&M University
|b Rellis Campus
|c Joint Library Facility
|d Remote Storage
|t 0
|e TS270.A1 W5
|h Library of Congress classification
|i unmediated -- volume
|k v.25
|l 1950
|m A14841148767
|
| 952 |
f |
f |
|p ric
|a Texas A&M University
|b Rellis Campus
|c Joint Library Facility
|d Remote Storage
|t 0
|e TS270.A1 W5
|h Library of Congress classification
|i unmediated -- volume
|k v.46:no.1-6
|l 1971:Jan.-June
|m A14841149064
|
| 952 |
f |
f |
|p ric
|a Texas A&M University
|b Rellis Campus
|c Joint Library Facility
|d Remote Storage
|t 0
|e TS270.A1 W5
|h Library of Congress classification
|i unmediated -- volume
|k v.41:no.7-12
|l 1966:July-Dec.
|m A14841148937
|
| 952 |
f |
f |
|p ric
|a Texas A&M University
|b Rellis Campus
|c Joint Library Facility
|d Remote Storage
|t 0
|e TS270.A1 W5
|h Library of Congress classification
|i unmediated -- volume
|k v.30
|l 1955
|m A14841148791
|
| 952 |
f |
f |
|p ric
|a Texas A&M University
|b Rellis Campus
|c Joint Library Facility
|d Remote Storage
|t 0
|e TS270.A1 W5
|h Library of Congress classification
|i unmediated -- volume
|k v.43:no.1-6
|l 1968:Jan.-June
|m A14841149048
|
| 952 |
f |
f |
|p ric
|a Texas A&M University
|b Rellis Campus
|c Joint Library Facility
|d Remote Storage
|t 0
|e TS270.A1 W5
|h Library of Congress classification
|i unmediated -- volume
|k v.38:no.1-6
|l 1963:Jan.-June
|m A14841148929
|
| 952 |
f |
f |
|p ric
|a Texas A&M University
|b Rellis Campus
|c Joint Library Facility
|d Remote Storage
|t 0
|e TS270.A1 W5
|h Library of Congress classification
|i unmediated -- volume
|k v.40:no.7-12
|l 1965:July-Dec.
|m A14841148953
|
| 952 |
f |
f |
|p ric
|a Texas A&M University
|b Rellis Campus
|c Joint Library Facility
|d Remote Storage
|t 0
|e TS270.A1 W5
|h Library of Congress classification
|i unmediated -- volume
|k v.48:no.1-4
|l 1973:Jan.-Apr.
|m A14841149098
|
| 952 |
f |
f |
|p ric
|a Texas A&M University
|b Rellis Campus
|c Joint Library Facility
|d Remote Storage
|t 0
|e TS270.A1 W5
|h Library of Congress classification
|i unmediated -- volume
|k v.24
|l 1949
|m A14841148725
|
| 952 |
f |
f |
|p ric
|a Texas A&M University
|b Rellis Campus
|c Joint Library Facility
|d Remote Storage
|t 0
|e TS270.A1 W5
|h Library of Congress classification
|i unmediated -- volume
|k v.37:no.7-12
|l 1962:July-Dec.
|m A14841148856
|
| 952 |
f |
f |
|p ric
|a Texas A&M University
|b Rellis Campus
|c Joint Library Facility
|d Remote Storage
|t 0
|e TS270.A1 W5
|h Library of Congress classification
|i unmediated -- volume
|k v.44:no.7-12
|l 1969:July-Dec.
|m A14841149014
|
| 952 |
f |
f |
|p ric
|a Texas A&M University
|b Rellis Campus
|c Joint Library Facility
|d Remote Storage
|t 0
|e TS270.A1 W5
|h Library of Congress classification
|i unmediated -- volume
|k v.29
|l 1954
|m A14841148806
|
| 952 |
f |
f |
|p ric
|a Texas A&M University
|b Rellis Campus
|c Joint Library Facility
|d Remote Storage
|t 0
|e TS270.A1 W5
|h Library of Congress classification
|i unmediated -- volume
|k v.23
|l 1948
|m A14841148717
|
| 952 |
f |
f |
|p ric
|a Texas A&M University
|b Rellis Campus
|c Joint Library Facility
|d Remote Storage
|t 0
|e TS270.A1 W5
|h Library of Congress classification
|i unmediated -- volume
|k v.37:no.1-6
|l 1962:Jan.-June
|m A14841148864
|
| 952 |
f |
f |
|p ric
|a Texas A&M University
|b Rellis Campus
|c Joint Library Facility
|d Remote Storage
|t 0
|e TS270.A1 W5
|h Library of Congress classification
|i unmediated -- volume
|k v.28
|l 1953
|m A14841148733
|
| 952 |
f |
f |
|p ric
|a Texas A&M University
|b Rellis Campus
|c Joint Library Facility
|d Remote Storage
|t 0
|e TS270.A1 W5
|h Library of Congress classification
|i unmediated -- volume
|k v.21
|l 1946
|m A14841148694
|
| 952 |
f |
f |
|p ric
|a Texas A&M University
|b Rellis Campus
|c Joint Library Facility
|d Remote Storage
|t 0
|e TS270.A1 W5
|h Library of Congress classification
|i unmediated -- volume
|k v.34
|l 1959
|m A14841148830
|
| 952 |
f |
f |
|p ric
|a Texas A&M University
|b Rellis Campus
|c Joint Library Facility
|d Remote Storage
|t 0
|e TS270.A1 W5
|h Library of Congress classification
|i unmediated -- volume
|k v.38:no.7-12
|l 1963:July-Dec.
|m A14841148911
|
| 952 |
f |
f |
|p ric
|a Texas A&M University
|b Rellis Campus
|c Joint Library Facility
|d Remote Storage
|t 0
|e TS270.A1 W5
|h Library of Congress classification
|i unmediated -- volume
|k v.39:no.1-6
|l 1964:Jan.-June
|m A14841148903
|
| 952 |
f |
f |
|p ric
|a Texas A&M University
|b Rellis Campus
|c Joint Library Facility
|d Remote Storage
|t 0
|e TS270.A1 W5
|h Library of Congress classification
|i unmediated -- volume
|k v.20
|l 1945
|m A14841148652
|
| 998 |
f |
f |
|a TS270.A1 W5
|s v.48:no.1-4 (1973:Jan.-Apr.)
|t 0
|l Remote Storage
|